LEADER 01047nam0 2200289 4500 001 000028398 005 20110928143153.0 010 $a88-15-09836-4 100 $a20110928d2004----km-y0itay50------ba 101 0 $aita 102 $aIT 105 $ay-------001yy 200 1 $aStoria economica del Novecento$fa cura di Sidney Pollard$gtrad. di Giovanni Arganese; autore della parte sesta: Emanuele Felice 205 $anuova ed.$fed. italiana a cura di Vera Zamagni 210 $aBologna$cIl mulino$d2004 215 $aIX, 327 p.$d21 cm 225 2 $a<>vie della civiltà. Storia economica 410 0$12001$a<>vie della civiltà. Storia economica 500 10$aWealth and poverty$m<>$955401 610 1 $aEconomia mondiale$aSec. 20. 676 $a330.904$v21$9Situazioni e condizioni economiche. Sec. 20. 702 1$aPollard,$bSidney 801 0$aIT$bUNIPARTHENOPE$c20110928$gRICA$2UNIMARC 912 $a000028398 951 $a330-S/82$b43148$cNAVA1$d2011 996 $aWealth and poverty$955401 997 $aUNIPARTHENOPE